000 00988nam a22003137a 4500
003 CHAP
005 20220817041821.0
008 971013s r 00010 d
010 _a25426
011 _a26398
035 _a30499
040 _cCHAP
090 _aFolleto 4399
110 _aCONASUPO
245 _aCurso de capacitación campesina
_b: operación de telares en las zonas áridas
260 _aMéxico, D. F. :
_b(s.e.),
_c(s.a.)
300 _a14 p.
490 _aCONASUPO. Folleto explicativo
590 _aBATCH-UPD
_b10
_c20130110
_lUCH01
_h2216
590 _aCONVERSION
_b10
_c20130109
_lUCH01
_h1315
650 1 4 _aMaquinaria textil.
_971222
650 1 4 _aTelares.
_9112077
830 0 _aCONASUPO. Folleto explicativo
_926284
901 _aBK
942 _cFOLL
949 _aFolleto 4399
_bBC
_cFOLL
_d-70782
_eTS1
_i30499
_mD
_si
949 _aFolleto 4399
_bBC
_cFOLL
_d-70785
_eTS2
_fc.2
_i30499
_mD
_si
949 _aFolleto 4399
_bBC
_cFOLL
_d-70787
_eTS2
_fc.3
_i30499
_mD
_si
999 _c25426
_d25426